Les espèces d'animaux les plus menacées - Statistiques

Statistiques générales
  • Ce quiz a été pris 75 fois
  • Le résultat moyen est 2 sur 10
Statistiques - réponses
Hint Réponse % Correct
7 Panda géant
48%
6 Gorille
40%
2 Tigre du Bengale
25%
4 Eléphant d'Asie
18%
8 Tortue
18%
1 Grand requin
12%
3 Napoléon
5%
5 Cacatoès
3%
9 Dauphin de l'Irrawaddy
0%
10 Gecko à queue feuillue
0%
Aucun quiz correspondant
Distribution des résultats
% des personnes avec chaque résultat
Percentile par nombre de réponses
Votre historique - résultats
Vous n’avez pas pris ce quiz